ՀՀ Գիտությունների ազգային ակադեմիայի հիմնարար գիտական գրադարան  =   Fundamental Scientific Library of NAS RA

Волны / (Record no. 527032)

MARC details
000 -LEADER
fixed length control field 00870nam a22002537a 4500
001 - CONTROL NUMBER
control field 000815008
003 - CONTROL NUMBER IDENTIFIER
control field AM-YEHGA
005 - DATE AND TIME OF LATEST TRANSACTION
control field 20250618080112.0
008 - FIXED-LENGTH DATA ELEMENTS--GENERAL INFORMATION
fixed length control field 110607s1984 ru ||||gr|||||||||0|rus|d
040 ## - CATALOGING SOURCE
Original cataloging agency AM-YeHGA
041 1# - LANGUAGE CODE
Language code of text/sound track or separate title rus
Language code of original eng
090 ## - LOCALLY ASSIGNED LC-TYPE CALL NUMBER (OCLC); LOCAL CALL NUMBER (RLIN)
-- 564978
100 1# - MAIN ENTRY--PERSONAL NAME
Personal name Крауфорд, Ф
245 10 - TITLE STATEMENT
Title Волны /
Statement of responsibility, etc. Ф. Крауфорд ; Пер. с англ. под ред. А.И. Шальникова и А.О. Вайсенберга.
250 ## - EDITION STATEMENT
Edition statement 3-изд., испр.
260 ## - PUBLICATION, DISTRIBUTION, ETC.
Place of publication, distribution, etc. Москва :
Name of publisher, distributor, etc. Наука,
Date of publication, distribution, etc. 1984.
300 ## - PHYSICAL DESCRIPTION
Extent том
440 #0 - SERIES STATEMENT/ADDED ENTRY--TITLE
Title Берклеевский курс физики
505 0# - FORMATTED CONTENTS NOTE
Miscellaneous information Т. 3 ( 1984, 512, ил., табл.
650 14 - SUBJECT ADDED ENTRY--TOPICAL TERM
Topical term or geographic name entry element Физика
9 (RLIN) 51
700 1# - ADDED ENTRY--PERSONAL NAME
Personal name Шальников, А.И.
Relator term ред.
Relationship edt
Relator term пер.
Relationship trl
700 1# - ADDED ENTRY--PERSONAL NAME
Personal name Вайсенберг, А.О.
Relator term ред.
Relationship edt
Relator term пер.
Relationship trl
942 ## - ADDED ENTRY ELEMENTS (KOHA)
Source of classification or shelving scheme Universal Decimal Classification
Koha item type Գրքեր / Books
Holdings
Withdrawn status Lost status Damaged status Not for loan Collection Home library Current library Date acquired Serial enumeration / chronology Total checkouts Full call number Barcode Date last seen Price effective from Koha item type Public note
        General Fundamental Scientific Library Fundamental Scientific Library 07/02/2023 Т. 3   PII/660332 FL0679379 07/02/2023 07/02/2023 Գրքեր / Books 30 Days Loan


ՀՀ ԳԱԱ հիմնարար գիտական գրադարան
ՀՀ,Երևան 0019
Մարշալ Բաղրամյան 24/6
հեռախոս:(374-10) 52-47-50
Հետադարձ կապ

All site content, except where otherwise noted, is licensed under a
Creative Commons License